2026 NFL Passing Yard Leaders - Statistics

General Stats
  • This quiz has been taken 75 times
  • The average score is 13 of 15
Answer Stats
Yards Player % Correct
4,707 Matthew Stafford
100%
4,394 Drake Maye
97%
4,564 Jared Goff
97%
4,552 Dak Prescott
94%
3,668 Josh Allen
92%
3,942 Caleb Williams
91%
3,727 Justin Herbert
91%
3,587 Patrick Mahomes
91%
4,048 Sam Darnold
91%
4,007 Trevor Lawrence
89%
3,381 Jordan Love
88%
3,322 Aaron Rodgers
86%
3,931 Bo Nix
86%
3,693 Baker Mayfield
84%
3,366 Jacoby Brissett
50%
No matching quizzes found
Score Distribution
Percent of People with Each Score
Percentile by Number Answered
Your Score History
You have not taken this quiz